Normal view
MARC view
- Hamza Sajid | Muhammad Saad | Mohammad Ibrahim Sahibzada
Entry Personal Name
001 - CONTROL NUMBER
- control field: 5578
003 - CONTROL NUMBER IDENTIFIER
- control field: NUST
005 - DATE AND TIME OF LATEST TRANSACTION
- control field: 20171024111736.0
008 - FIXED-LENGTH DATA ELEMENTS
- fixed length control field: 171024|| aca||aabn | a|a d
040 ## - CATALOGING SOURCE
- Original cataloging agency: NUST
- Transcribing agency: NUST
100 ## - HEADING--PERSONAL NAME
- Personal name: Hamza Sajid | Muhammad Saad | Mohammad Ibrahim Sahibzada
670 ## - SOURCE DATA FOUND
- Source citation: Work cat.: (NUST): Hamza Sajid | Muhammad Saad | Mohammad Ibrahim Sahibzada, Access Control for safer city, 2017
